000 00641nam a2200217 i 4500
001 C2-0316461
003 PPAK
005 20180728112504.0
008 120726s2011 my a|||| ||||| | may d
040 _aPPAK
_beng
_cPPAK
_erda
082 0 4 _a959.5
_223
090 0 0 _a959.5
_bPER
_dKK
245 0 0 _aPersatuan Sejarah Malaysia:
_blaporan tahunan 2010 / 2011
264 1 _aKuala Lumpur :
_bPersatuan Sejarah Malaysia ,
_c2011
300 _a286 pages :
_bcolour illustrations ;
_c27 cm.
336 _2rdacontent
_atext
337 _2rdamedia
_aunmediated
338 _2rdacarrier
_avolume
650 1 0 _aCorporation reports
942 _ddc
_cB
999 _c117595
_d117595